Polyfunkčný bytový dom

Saved in:
Bibliographic Details
Main Author: Kováčová, Bettina (Author)
Other Authors: Kujanová, Katarína (Thesis advisor)
Format: Manuscript Book
Language:Slovak
Published: Bratislava 2019
Subjects:
Online Access:http://is.stuba.sk/zp/portal_zp.pl?podrobnosti=120092
Tags: Add Tag
No Tags, Be the first to tag this record!

MARC

LEADER 00000ntm a22000003a 4500
001 stuzp68966
003 SK-STU
005 20200917090852.7
007 ta
008 150427s2015----xo-----f-mn---000-0-slo-d
040 |a STU  |b slo 
041 0 |a slo 
100 1 |a Kováčová, Bettina  |u 054140  |4 aut  |U FAD Fakulta architektúry  |T FA Ústav konštrukcií v architektúre a inžinierskych stavieb  |X 77078  |U A4140  |Y 395  |7 77078 
242 0 1 |a Polyfunctional Residential Building  |y eng 
245 1 0 |a Polyfunkčný bytový dom 
260 |c 2019  |a Bratislava 
650 4 |a bytový dom  |2 slo 
650 4 |a lokalita  |2 slo 
650 4 |a architektúra  |2 slo 
650 4 |a apartment  |2 eng 
650 4 |a design  |2 eng 
650 4 |a residental building  |2 eng 
700 1 |a Kujanová, Katarína  |u 054140  |k Z8  |4 ths  |U FAD Fakulta architektúry  |T FA Ústav konštrukcií v architektúre a inžinierskych stavieb  |X 502  |U A4140  |Y 395  |7 A000000502 
856 4 |u http://is.stuba.sk/zp/portal_zp.pl?podrobnosti=120092  |u https://opac.crzp.sk/?fn=detailBiblioForm&sid=233ADDCA5EB56A100BEB3C31D49A